AFC Ajax Squad 2021/22 - Statistics

General Stats
  • This quiz has been taken 62 times
  • The average score is 22 of 27
Answer Stats
No. Nationality/Position Answer % Correct
10 Serbia (FW) Dušan Tadić
100%
24 Cameroon (GK) André Onana
98%
11 Brazil (FW) Antony
96%
17 Netherlands (DF) Daley Blind
96%
21 Argentina (DF) Lisandro Martínez
96%
4 Mexico (MF) Edson Álvarez
95%
- Netherlands (MAN) Erik ten Hag
95%
1 Netherlands (GK) Maarten Stekelenburg
95%
12 Morocco (DF) Noussair Mazraoui
95%
7 Brazil (FW) David Neres
93%
22 Ivory Coast (FW) Sébastien Haller
93%
20 Ghana (MF) Mohammed Kudus
91%
2 Netherlands (DF) Jurriën Timber
87%
31 Argentina (DF) Nicolás Tagliafico
87%
6 Netherlands (MF) Davy Klaassen
82%
32 Netherlands (GK) Remko Pasveer
80%
8 Netherlands (MF) Ryan Gravenberch
80%
3 Netherlands (DF) Perr Schuurs
78%
23 Netherlands (FW) Steven Berghuis
76%
19 Morocco (FW) Zakaria Labyad
75%
15 Netherlands (DF) Devyne Rensch
71%
9 Brazil (FW) Danilo
67%
5 Suriname (DF) Sean Klaiber
67%
16 Netherlands (GK) Jay Gorter
65%
25 Netherlands (MF) Kenneth Taylor
64%
30 Denmark (FW) Mohamed Daramy
56%
26 Denmark (MF) Victor Jensen
36%
No matching quizzes found
Score Distribution
Percent of People with Each Score
Percentile by Number Answered
Your Score History
You have not taken this quiz